Episcopologio de Puerto Rico
Gespeichert in:
| 1. Verfasser: | |
|---|---|
| Format: | Buch |
| Sprache: | Spanisch |
| Veröffentlicht: |
Ponce
Universidad Católica de Puerto Rico
1987
|
| Schriftenreihe: | Historia Documental de Puerto Rico; tomo VI, VII, VIII, IX
|
| Schlagworte: | |
| Tags: |
Tag hinzufügen
Keine Tags, Fügen Sie den ersten Tag hinzu!
|
MARC
| LEADER | 00000nam a2200000 a 4500 | ||
|---|---|---|---|
| 001 | UCX8542 | ||
| 003 | CL-VaPUC | ||
| 008 | 940412e19870000PR |||||||||||||||||spa|d | ||
| 082 | 0 | 4 | |a 972.95 |b MUR |2 21 |
| 100 | |a Murga Sanz, Vicente |e autor |9 522435 | ||
| 245 | 1 | 0 | |a Episcopologio de Puerto Rico |
| 300 | |a v | ||
| 942 | |c BK | ||
| 945 | |d 19940412 00:00:00 |a aalvarez | ||
| 260 | |a Ponce |b Universidad Católica de Puerto Rico |c 1987 | ||
| 650 | 0 | |a Historia |9 255047 | |
| 651 | 7 | |a PUERTO RICO |2 CL-VaPUC |9 254988 | |
| 583 | |a last modification |c 19940412 00:00:00 |k Rodrigo Vera | ||
| 490 | 0 | |a Historia Documental de Puerto Rico; tomo VI, VII, VIII, IX | |
| 999 | |c 228008 |d 228006 | ||
| 952 | |0 0 |1 0 |4 0 |6 972_950000000000000_MUR_1987 |7 0 |8 DER_HDC |9 227572 |a BIBDER |b BIBDER |d 2019-11-15 |h v.1 |i 2969777 |o 972.95 MUR 1987 |p 2969777 |r 2023-01-25 |w 2019-11-15 |x Ubicación 4to Piso |y BK |z Estos recursos deben solicitarse con anticipación |k DER | ||
| 952 | |0 0 |1 0 |4 0 |6 972_950000000000000_MUR_1987 |7 0 |8 DER_HDC |9 227573 |a BIBDER |b BIBDER |d 2019-11-15 |h v.2 |i 2969785 |o 972.95 MUR 1987 |p 2969785 |r 2023-01-25 |w 2019-11-15 |x Ubicación 4to Piso |y BK |z Estos recursos deben solicitarse con anticipación |k DER | ||
| 952 | |0 0 |1 0 |4 0 |6 972_950000000000000_MUR_1987 |7 0 |8 DER_HDC |9 227574 |a BIBDER |b BIBDER |d 2019-11-15 |h v.3 |i 2969793 |o 972.95 MUR 1987 |p 2969793 |r 2023-01-25 |w 2019-11-15 |x Ubicación 4to Piso |y BK |z Estos recursos deben solicitarse con anticipación |k DER | ||
| 952 | |0 0 |1 0 |4 0 |6 972_950000000000000_MUR_1987 |7 0 |8 DER_HDC |9 227575 |a BIBDER |b BIBDER |d 2019-11-15 |h v.4 |i 2969807 |o 972.95 MUR 1987 |p 2969807 |r 2023-01-25 |w 2019-11-15 |x Ubicación 4to Piso |y BK |z Estos recursos deben solicitarse con anticipación |k DER | ||
| 952 | |0 0 |1 0 |4 0 |6 972_950000000000000_MUR_1987 |7 0 |8 A |9 227576 |a BIBTEO |b BIBTEO |d 2019-11-15 |h v.1 |i 4175883 |o 972.95 MUR 1987 |p 4175883 |r 2025-01-17 |w 2019-11-15 |y BK |k ICR | ||